UITU Library & LRC     

Futures Markets: made easy with 250 questions and answers (Record no. 17780)

MARC details
000 -LEADER
fixed length control field 00501nam a2200181Ia 4500
008 - FIXED-LENGTH DATA ELEMENTS--GENERAL INFORMATION
fixed length control field 240925s9999 xx 000 0 und d
020 ## - INTERNATIONAL STANDARD BOOK NUMBER
International Standard Book Number 9789385965036
082 ## - DEWEY DECIMAL CLASSIFICATION NUMBER
Classification number 332.6452 PAR
100 ## - MAIN ENTRY--PERSONAL NAME
Personal name Parameswaran, Sunil K.
245 #0 - TITLE STATEMENT
Title Futures Markets: made easy with 250 questions and answers
250 ## - EDITION STATEMENT
Edition statement 2nd
260 ## - PUBLICATION, DISTRIBUTION, ETC.
Place of publication, distribution, etc. New Delhi:
Name of publisher, distributor, etc. TataMcGraw-Hill
Date of publication, distribution, etc. ,2016.
300 ## - PHYSICAL DESCRIPTION
Extent 242p.
Other physical details 0
Type of unit Original
500 ## - GENERAL NOTE
General note Includes Index
600 ## - SUBJECT ADDED ENTRY--PERSONAL NAME
Personal name Social Sciences
650 ## - SUBJECT ADDED ENTRY--TOPICAL TERM
Topical term or geographic name entry element Social Sciences
942 ## - ADDED ENTRY ELEMENTS (KOHA)
Koha item type Books
Holdings
Withdrawn status Lost status Damaged status Not for loan Collection Home library Current library Date acquired Source of acquisition Total checkouts Full call number Barcode Date last seen Price effective from Koha item type
        Social Sciences UITU Library UITU Library 05/25/2021 Paramount Book Pvt Ltd   332.6452 PAR Q15281 09/25/2024 09/25/2024 Books

Powered by Koha